[Event "Moscow Open 2009 B"]
[Site "www.moscowchessopen.ru"]
[Date "2009.02.08"]
[Round "9.160"]
[White "Zhukov, Daniil A"]
[Black "Nikulin, Viktor"]
[Result "1/2-1/2"]
[WhiteElo "1400"]
[BlackElo "1978"]
[Annotator ""]
[Source ""]
[Remark ""]

1.e4 c5 2.Nf3 d6 3.d4 cxd4 4.Nxd4 Nf6 5.Nc3 a6 6.Be3 Ng4 7.Bg5
h6 8.Bh4 g5 9.Bg3 Bg7 10.Qd2 Nc6 11.Nxc6 bxc6 12.Bc4 Qa5 13.h4
Be6 14.Bxe6 fxe6 15.hxg5 hxg5 16.Rxh8+ Bxh8 17.Ke2 O-O-O 18.f3
Bxc3 19.bxc3 Nf6 20.Bf2 g4 21.Qd3 gxf3+ 22.gxf3 Rd7 23.Rb1 Rb7
24.Rxb7 Kxb7 25.Qd4 c5 1/2-1/2

[Event "Moscow Open 2009 B"]
[Site "www.moscowchessopen.ru"]
[Date "2009.02.08"]
[Round "9.163"]
[White "Zhuravliev, Vladilen"]
[Black "Kapov, Adam"]
[Result "1-0"]
[WhiteElo "2097"]
[BlackElo "1927"]
[Annotator ""]
[Source ""]
[Remark ""]

1.e4 e5 2.Nf3 Nc6 3.d3 Nf6 4.c3 d6 5.Be2 Be7 6.O-O O-O 7.Qc2
Bg4 8.Be3 d5 9.Nbd2 dxe4 10.dxe4 a6 11.Nc4 Bxf3 12.Bxf3 Qd7 13.h3
Qe6 14.b3 Rfd8 15.Rad1 h6 16.Bc1 Bc5 17.Ne3 Bxe3 18.Bxe3 Nh7
19.Be2 Qg6 20.Kh2 Ng5 21.f3 Ne6 22.Bc4 Nf4 23.g3 Nh5 24.Qg2 Ne7
25.f4 b5 26.Be2 exf4 27.gxf4 Qxg2+ 28.Kxg2 Nf6 29.Bf3 c6 30.Bd4
Ne8 31.Kf2 Nc7 32.f5 Ne8 33.Bc5 Rxd1 34.Rxd1 1-0

[Event "Moscow Open 2009 B"]
[Site "www.moscowchessopen.ru"]
[Date "2009.02.08"]
[Round "9.164"]
[White "Meshechko, Julia"]
[Black "Sedenko, Anatoly"]
[Result "1-0"]
[WhiteElo "1897"]
[BlackElo "2073"]
[Annotator ""]
[Source ""]
[Remark ""]

1.e4 c5 2.d3 Nc6 3.g3 d5 4.Bg2 dxe4 5.Bxe4 Nf6 6.Bg2 Bg4 7.Nf3
Nd4 8.Nbd2 g6 9.O-O Qc8 10.Re1 Bg7 11.c3 Nc6 12.Qc2 O-O 1-0

[Event "Moscow Open 2009 B"]
[Site "www.moscowchessopen.ru"]
[Date "2009.02.08"]
[Round "9.165"]
[White "Nepomnin, Vladilen"]
[Black "Romanov, Stanislav"]
[Result "0-1"]
[WhiteElo "1888"]
[BlackElo "2058"]
[Annotator ""]
[Source ""]
[Remark ""]

1.e4 c5 2.Nf3 d6 3.d4 cxd4 4.Nxd4 Nf6 5.Nc3 a6 6.Be2 Nc6 7.O-O
e6 8.Be3 Qc7 9.Qd2 Be7 10.Rad1 O-O 11.f4 Bd7 12.g4 b5 13.a3 Nxd4
14.Bxd4 e5 15.fxe5 dxe5 16.Bf2 Bxg4 17.Bxg4 Nxg4 18.Nd5 Qb7 19.Nxe7+
Qxe7 20.Qd7 Qg5 21.h4 0-1

[Event "Moscow Open 2009 B"]
[Site "www.moscowchessopen.ru"]
[Date "2009.02.08"]
[Round "9.166"]
[White "Valiev, Emil"]
[Black "Nizhegorodtsev, Dmitry"]
[Result "1/2-1/2"]
[WhiteElo "2058"]
[BlackElo "1879"]
[Annotator ""]
[Source ""]
[Remark ""]

1.Nf3 d5 2.e3 Nf6 3.d4 e6 4.Nc3 a6 5.Bd3 Bd6 6.O-O Nbd7 7.e4
dxe4 8.Nxe4 O-O 9.Nxd6 cxd6 10.Bf4 Qb6 11.b3 Re8 12.Re1 1/2-1/2

[Event "Moscow Open 2009 B"]
[Site "www.moscowchessopen.ru"]
[Date "2009.02.08"]
[Round "9.167"]
[White "Tamarovskiy, Andrey"]
[Black "Masich, Vladimir"]
[Result "0-1"]
[WhiteElo "1883"]
[BlackElo "2053"]
[Annotator ""]
[Source ""]
[Remark ""]

1.e4 c5 2.g3 Nc6 3.Bg2 g6 4.c3 Bg7 5.d3 e6 6.Nf3 Nge7 7.O-O d5
8.exd5 Nxd5 9.Bg5 Qb6 10.Qc2 h6 11.Be3 Nxe3 12.fxe3 O-O 13.Nbd2
Bd7 14.d4 cxd4 15.exd4 Rac8 16.Rae1 Nxd4 17.Nxd4 Bxd4+ 18.Kh1
Bb5 19.Rf4 Bg7 20.Rb4 a5 21.Rg4 Qf2 22.Rg1 Rcd8 23.Qb3 Rxd2 24.Qxb5
Rxb2 25.Qc4 b5 26.Qc6 Qc2 27.c4 h5 28.Rf4 bxc4 29.Rxc4 Qd2 0-1

[Event "Moscow Open 2009 B"]
[Site "www.moscowchessopen.ru"]
[Date "2009.02.08"]
[Round "9.169"]
[White "Elfert, Aleksandr V"]
[Black "Lavshirbanov, Ruslan"]
[Result "0-1"]
[WhiteElo "2007"]
[BlackElo "1791"]
[Annotator ""]
[Source ""]
[Remark ""]

1.e4 c5 2.Nf3 g6 3.d4 Bg7 4.c3 cxd4 5.cxd4 d6 6.Be2 Nf6 7.Nc3
O-O 8.O-O a6 9.Re1 b5 10.a3 Bb7 11.d5 Nbd7 12.Nd4 Nb6 13.Be3
Rc8 14.Qd2 Nc4 0-1

[Event "Moscow Open 2009 B"]
[Site "www.moscowchessopen.ru"]
[Date "2009.02.08"]
[Round "9.170"]
[White "Kochetov, Dmitri A"]
[Black "Marder, Elena"]
[Result "0-1"]
[WhiteElo "1995"]
[BlackElo "1747"]
[Annotator ""]
[Source ""]
[Remark ""]

1.b3 e5 2.Bb2 Nc6 3.e3 Nf6 4.Bb5 d6 5.Ne2 Bd7 6.d4 exd4 7.Nxd4
Nxd4 8.Bxd7+ Qxd7 9.Qxd4 Qc6 10.O-O Qxc2 11.Rc1 Qe2 12.Na3 c6
13.Rc2 Qh5 14.Nc4 d5 15.Ne5 Bd6 16.h3 Bxe5 17.Qxe5+ Qxe5 18.Bxe5
Nh5 19.b4 O-O 0-1

[Event "Moscow Open 2009 B"]
[Site "www.moscowchessopen.ru"]
[Date "2009.02.08"]
[Round "9.172"]
[White "Borzov, Roman"]
[Black "Golovnin, Maxim"]
[Result "0-1"]
[WhiteElo "1986"]
[BlackElo "1400"]
[Annotator ""]
[Source ""]
[Remark ""]

1.d4 e6 2.c4 d5 3.Nc3 Nf6 4.Nf3 Be7 5.e3 O-O 6.Bd3 dxc4 7.Bxc4
b6 8.O-O Bb7 9.Be2 Nbd7 10.Bd2 c5 11.Be1 a6 12.dxc5 Nxc5 13.Nd4
Rc8 14.Na4 Ncd7 15.Nc3 Qc7 16.Rc1 Rfd8 17.f3 Bd6 18.f4 e5 19.Nf5
Bc5 20.Bg3 e4 21.Bf2 0-1

[Event "Moscow Open 2009 B"]
[Site "www.moscowchessopen.ru"]
[Date "2009.02.08"]
[Round "9.173"]
[White "Parakhoni, Anna"]
[Black "Udodov, Yuri"]
[Result "1/2-1/2"]
[WhiteElo "1793"]
[BlackElo "1986"]
[Annotator ""]
[Source ""]
[Remark ""]

1.e4 c5 2.g3 Nc6 3.Bg2 Nf6 4.d3 g6 5.f4 Bg7 6.Nf3 d6 7.c3 Rb8
8.O-O Qb6 9.Na3 c4+ 10.d4 Nxe4 11.Nxc4 Qc7 12.Nfd2 Nf6 13.Ne3
b5 14.d5 Na5 15.Nf3 Nc4 16.Qd3 O-O 17.Nd4 Bd7 18.Re1 Rfe8 19.Kh1
a6 20.Nec2 Nb6 21.Nb4 Ra8 22.Bd2 Qc4 23.Qxc4 Nxc4 24.Bc1 Kf8
25.Nbc2 Nb6 1/2-1/2

[Event "Moscow Open 2009 B"]
[Site "www.moscowchessopen.ru"]
[Date "2009.02.08"]
[Round "9.174"]
[White "Losev, Sergey"]
[Black "Ashirov, Sanzhar"]
[Result "1-0"]
[WhiteElo "1985"]
[BlackElo "1400"]
[Annotator ""]
[Source ""]
[Remark ""]

1.d4 Nf6 2.c4 g6 3.Nc3 Bg7 4.e4 d6 5.f4 O-O 6.Nf3 c6 7.Bd3 Nbd7
8.O-O Qe8 9.e5 dxe5 10.dxe5 Ng4 11.h3 Nh6 12.Qe2 Nc5 13.Bc2 Bf5
14.b4 Bxc2 15.Qxc2 Nd7 16.Bb2 Nf5 17.Rae1 Nb6 18.Ne4 Qc8 19.Nfg5
h6 20.Nf3 e6 21.g4 Ne7 22.Bd4 Qc7 23.Nf6+ Kh8 24.Nh4 Rfd8 25.Bc5
Nbc8 26.Rf3 b6 27.Bf2 a5 28.a3 axb4 29.axb4 Qa7 30.Rd3 Rxd3 31.Qxd3
Bxf6 32.exf6 Ng8 33.Nxg6+ fxg6 34.Qxg6 Qh7 35.Qxh7+ Kxh7 36.f7
Ra4 37.f8Q 1-0

[Event "Moscow Open 2009 B"]
[Site "www.moscowchessopen.ru"]
[Date "2009.02.08"]
[Round "9.176"]
[White "Procop, Egor"]
[Black "Tyutyunnikov, Kirill"]
[Result "1-0"]
[WhiteElo "1739"]
[BlackElo "1972"]
[Annotator ""]
[Source ""]
[Remark ""]

1.e4 c6 2.d4 d5 3.exd5 cxd5 4.Bd3 Nc6 5.c3 g6 6.Bf4 Bg7 7.Nd2
Nh6 8.h3 Bf5 9.Bxf5 Nxf5 10.Ngf3 Qb6 11.Nb3 O-O 12.O-O Rfd8 13.Qd2
Rac8 1-0

[Event "Moscow Open 2009 B"]
[Site "www.moscowchessopen.ru"]
[Date "2009.02.08"]
[Round "9.178"]
[White "Shilnikov, Igor S"]
[Black "Vasiliev, Mikhail"]
[Result "1-0"]
[WhiteElo "1963"]
[BlackElo "1486"]
[Annotator ""]
[Source ""]
[Remark ""]

1.d4 e6 2.Nf3 Nf6 3.e3 b6 4.Bd3 Bb7 5.Nbd2 c5 6.O-O Bd6 7.e4
cxd4 8.e5 Bxf3 9.Nxf3 Bc7 10.exf6 Qxf6 11.Bg5 1-0

[Event "Moscow Open 2009 B"]
[Site "www.moscowchessopen.ru"]
[Date "2009.02.08"]
[Round "9.179"]
[White "Lushnikov, Evgeny"]
[Black "Schevnin, Leonid"]
[Result "1/2-1/2"]
[WhiteElo "1961"]
[BlackElo "1400"]
[Annotator ""]
[Source ""]
[Remark ""]

1.e4 c5 2.Nf3 Nc6 3.Bb5 e6 4.O-O Nge7 5.c3 a6 6.Ba4 b5 7.Bc2
Ng6 8.a4 b4 9.d4 Bb7 10.d5 Na5 11.b3 Be7 1/2-1/2

[Event "Moscow Open 2009 B"]
[Site "www.moscowchessopen.ru"]
[Date "2009.02.08"]
[Round "9.181"]
[White "Isakov, Sergey"]
[Black "Tobengauz, Pavel"]
[Result "0-1"]
[WhiteElo "1400"]
[BlackElo "1955"]
[Annotator ""]
[Source ""]
[Remark ""]

1.d4 e6 2.Nf3 Nf6 3.c4 b6 4.g3 Bb7 5.Bg2 Be7 6.Nc3 Ne4 7.Qc2
Nxc3 8.bxc3 f5 9.O-O Be4 10.Qb3 O-O 11.d5 Na6 12.Be3 Nc5 13.Qd1
Qe8 14.Ne5 Bxg2 15.Kxg2 Rd8 16.Bxc5 Bxc5 17.e3 g5 18.Qe2 0-1

[Event "Moscow Open 2009 B"]
[Site "www.moscowchessopen.ru"]
[Date "2009.02.08"]
[Round "9.183"]
[White "Kruchinin, Anatoly V"]
[Black "Samatov, Anatolij"]
[Result "1/2-1/2"]
[WhiteElo "1809"]
[BlackElo "2098"]
[Annotator ""]
[Source ""]
[Remark ""]

1.Nf3 c5 2.c4 Nf6 3.Nc3 d6 4.g3 e6 5.Bg2 Be7 6.d4 cxd4 7.Nxd4
O-O 8.O-O a6 9.a4 Qc7 10.Qb3 Nc6 11.Nxc6 bxc6 12.Qc2 Rb8 13.a5
c5 14.e4 Nd7 15.f4 Bb7 16.Re1 Bc6 1/2-1/2

[Event "Moscow Open 2009 B"]
[Site "www.moscowchessopen.ru"]
[Date "2009.02.08"]
[Round "9.184"]
[White "Mironov, Yury"]
[Black "Galynin, Dmitri"]
[Result "1-0"]
[WhiteElo "1792"]
[BlackElo "2049"]
[Annotator ""]
[Source ""]
[Remark ""]

1.e4 c5 2.Nf3 Nc6 3.d4 cxd4 4.Nxd4 e5 5.Nb3 Bb4+ 6.Bd2 Nf6 7.Bd3
d5 8.exd5 Qxd5 9.O-O Bxd2 10.N1xd2 O-O 11.Re1 Re8 12.Ne4 Qd8
13.Nbc5 Nxe4 14.Nxe4 Qc7 15.Qh5 f5 16.Qxe8# 1-0

[Event "Moscow Open 2009 B"]
[Site "www.moscowchessopen.ru"]
[Date "2009.02.08"]
[Round "9.186"]
[White "Yuganova, Marina"]
[Black "Magdalinskaya, Evgenia"]
[Result "1-0"]
[WhiteElo "2000"]
[BlackElo "1800"]
[Annotator ""]
[Source ""]
[Remark ""]

1.c4 b6 2.Nc3 Bb7 3.d4 Nf6 4.f3 e6 5.e4 d5 6.cxd5 exd5 7.e5 Nfd7
8.Be3 Be7 9.Bd3 O-O 10.Nge2 c5 11.f4 Nc6 12.Rc1 cxd4 13.Nxd4
Nxd4 14.Bxd4 Bh4+ 15.g3 Be7 16.O-O Bc5 17.Ne2 Re8 18.Qc2 h6 19.Bf5
Rc8 20.Qd2 Ba6 1-0

[Event "Moscow Open 2009 B"]
[Site "www.moscowchessopen.ru"]
[Date "2009.02.08"]
[Round "9.188"]
[White "Bondarev, Ivan"]
[Black "Gavrilenko, Viktor"]
[Result "1-0"]
[WhiteElo "1759"]
[BlackElo "1969"]
[Annotator ""]
[Source ""]
[Remark ""]

1.e4 c5 2.f4 Nf6 3.Nc3 Nc6 4.Nf3 d6 5.Bb5 a6 6.Bxc6+ bxc6 7.d3
Rb8 8.O-O h5 9.Qe1 d5 10.e5 Ne4 1-0

[Event "Moscow Open 2009 B"]
[Site "www.moscowchessopen.ru"]
[Date "2009.02.08"]
[Round "9.189"]
[White "Raondi, Yan-Martin"]
[Black "Ahmadov, Vusal Karimkhan Oglu"]
[Result "0-1"]
[WhiteElo "1702"]
[BlackElo "1953"]
[Annotator ""]
[Source ""]
[Remark ""]

1.Nf3 Nf6 2.g3 g6 3.Bg2 Bg7 4.O-O O-O 5.c4 d6 6.Nc3 e5 7.d3 Nc6
8.Rb1 h6 9.b4 Nh5 10.b5 Ne7 11.Bd2 f5 12.e3 Nf6 13.a4 g5 14.h3
Ng6 15.Qb3 Be6 16.Qc2 Qe8 17.a5 Rb8 18.Rfe1 Qf7 19.b6 axb6 20.axb6
c6 21.Ra1 Nd7 0-1

[Event "Moscow Open 2009 B"]
[Site "www.moscowchessopen.ru"]
[Date "2009.02.08"]
[Round "9.190"]
[White "Mazurov, Arslan"]
[Black "Makushkin, Nikolay"]
[Result "1-0"]
[WhiteElo "1553"]
[BlackElo "1949"]
[Annotator ""]
[Source ""]
[Remark ""]

1.e4 e5 2.Nf3 Nc6 3.Bb5 a6 4.Ba4 Nf6 5.d3 b5 6.Bb3 Be7 7.Nbd2
O-O 8.Nf1 d5 9.exd5 Nxd5 10.Ne3 Nf4 11.O-O Bc5 12.a4 Rb8 13.axb5
axb5 14.Bd2 Qf6 15.Nd5 Nxd5 16.Bxd5 Nd4 17.Nxd4 Bxd4 18.c3 Bb6
19.Be3 c6 20.Be4 Qd6 21.Bxb6 Rxb6 22.Re1 f5 23.Bf3 Rd8 24.Qe2
Re8 25.Qe3 c5 26.Rad1 Ra6 27.d4 cxd4 28.Rxd4 Qg6 29.Rd5 e4 30.Be2
Rf6 31.Rxb5 1-0

[Event "Moscow Open 2009 B"]
[Site "www.moscowchessopen.ru"]
[Date "2009.02.08"]
[Round "9.192"]
[White "Voronov, Vladimir Yu"]
[Black "Kosov, Igor"]
[Result "0-1"]
[WhiteElo "1926"]
[BlackElo "1743"]
[Annotator ""]
[Source ""]
[Remark ""]

1.b3 e5 2.Bb2 Nc6 3.e3 a6 4.c4 Nf6 5.Nf3 d6 6.Be2 g6 7.Nc3 Bg7
8.d3 O-O 9.a3 Bf5 10.Qc2 Ne7 11.e4 Be6 12.d4 exd4 13.Nxd4 Bd7
14.O-O Nc6 15.Nxc6 Bxc6 16.b4 Re8 17.f3 b6 18.Rac1 Bb7 19.Nd1
c6 20.Ne3 Qe7 21.Rfd1 Red8 22.Qb3 Rac8 23.a4 Nh5 24.Bxg7 Kxg7
25.Qc3+ Kg8 26.Ng4 f6 27.g3 d5 28.e5 fxe5 29.Nxe5 c5 30.cxd5
cxb4 31.d6 Rxd6 32.Qb3+ Kg7 33.Rxd6 Rxc1+ 34.Kf2 Qxe5 35.Rd7+
Kh6 36.Qg8 Qc5+ 37.Kg2 Rg1+ 38.Kh3 Qf5+ 39.Kh4 Qg5+ 0-1

[Event "Moscow Open 2009 B"]
[Site "www.moscowchessopen.ru"]
[Date "2009.02.08"]
[Round "9.193"]
[White "Andreev, Volodymyr"]
[Black "Amelichkin, Nikolay"]
[Result "1-0"]
[WhiteElo "1915"]
[BlackElo "1400"]
[Annotator ""]
[Source ""]
[Remark ""]

1.e4 d6 2.d4 Nf6 3.f3 g6 4.c4 Bg7 5.Nc3 O-O 6.Be3 Bd7 7.g4 e5
8.d5 c6 9.h4 h5 10.Be2 Qc8 11.g5 Ne8 12.c5 a6 13.cxd6 Nxd6 14.b4
b6 1-0

[Event "Moscow Open 2009 B"]
[Site "www.moscowchessopen.ru"]
[Date "2009.02.08"]
[Round "9.194"]
[White "Shubin, Gennady"]
[Black "Klepikov, Nikita"]
[Result "0-1"]
[WhiteElo "1913"]
[BlackElo "1400"]
[Annotator ""]
[Source ""]
[Remark ""]

1.e4 c5 2.Nf3 Nc6 3.d4 cxd4 4.Nxd4 g6 5.Nc3 Bg7 6.Be3 d6 7.Bc4
Nf6 8.f3 Bd7 9.Qd2 h5 10.Bb3 Nxd4 11.Bxd4 O-O 12.O-O-O Be6 13.Bxe6
fxe6 14.Kb1 Qd7 15.e5 Ne8 16.exd6 exd6 17.Bxg7 Qxg7 18.Rhe1 Qf7
19.Ne4 d5 20.Ng5 Qf4 21.Qxf4 Rxf4 22.Nxe6 Rf5 23.Nd4 Rg5 24.g3
Kf7 25.f4 Rg4 26.Ne6 Nf6 27.Ng5+ Kf8 28.Re6 Ne4 29.Rxd5 Nxg5
30.Rxg5 Rxg5 31.fxg5 Kf7 32.Re3 0-1

[Event "Moscow Open 2009 B"]
[Site "www.moscowchessopen.ru"]
[Date "2009.02.08"]
[Round "9.195"]
[White "Rusinov, Mikhail"]
[Black "Losev, Sergey Sergeyvich"]
[Result "1-0"]
[WhiteElo "1911"]
[BlackElo "1400"]
[Annotator ""]
[Source ""]
[Remark ""]

1.e4 e5 2.Nf3 Nc6 3.Bb5 a6 4.Ba4 b5 5.Bb3 Bc5 6.O-O Nf6 7.c3
d6 8.d4 exd4 9.cxd4 Bb6 10.Nc3 O-O 11.h3 h6 12.Bf4 Bb7 13.a3
Re8 14.Bc2 Qd7 15.Re1 Re7 16.Qd2 Rae8 17.Rad1 Na5 18.Bxh6 gxh6
19.Qxh6 Nxe4 20.Nxe4 Bxe4 21.Bxe4 Rxe4 22.Rxe4 f5 23.Qg6+ Kh8
24.Rh4+ 1-0

[Event "Moscow Open 2009 B"]
[Site "www.moscowchessopen.ru"]
[Date "2009.02.08"]
[Round "9.196"]
[White "Pristalov, Evgeny"]
[Black "Mikhaylov, Alexandr D."]
[Result "1-0"]
[WhiteElo "1905"]
[BlackElo "1400"]
[Annotator ""]
[Source ""]
[Remark ""]

1.e4 e5 2.Nf3 Nc6 3.Bc4 Nf6 4.d3 d6 5.c3 Na5 6.Bb5+ Bd7 7.Bxd7+
Qxd7 8.O-O O-O-O 9.b4 Nc6 10.d4 h5 11.d5 h4 12.h3 Ne8 13.b5 Ne7
14.c4 g5 15.Bxg5 Rg8 16.Kh2 1-0

[Event "Moscow Open 2009 B"]
[Site "www.moscowchessopen.ru"]
[Date "2009.02.08"]
[Round "9.197"]
[White "Gorulev, Alexandr"]
[Black "Krutov, Sergey"]
[Result "1/2-1/2"]
[WhiteElo "1400"]
[BlackElo "1899"]
[Annotator ""]
[Source ""]
[Remark ""]

1.e4 e5 2.Nf3 Nf6 3.Nc3 Bb4 4.Bc4 d6 5.d3 Nbd7 6.Bg5 Nf8 7.O-O
Bxc3 8.bxc3 Ng6 9.h3 h6 10.Be3 O-O 11.Nh2 Be6 12.Bxe6 fxe6 13.Ng4
Nxg4 14.Qxg4 1/2-1/2

[Event "Moscow Open 2009 B"]
[Site "www.moscowchessopen.ru"]
[Date "2009.02.08"]
[Round "9.198"]
[White "Babkin, Ivan"]
[Black "Zhuldybin, Maxim"]
[Result "1-0"]
[WhiteElo "1890"]
[BlackElo "1400"]
[Annotator ""]
[Source ""]
[Remark ""]

1.d4 g6 2.Nc3 d6 3.e4 Bg7 4.Bg5 Nf6 5.f4 O-O 6.e5 Ne8 7.Nf3 c6
8.Qe2 Qb6 9.O-O-O f6 10.exf6 exf6 11.Bh4 Nc7 12.Qd2 Be6 13.Na4
Nb5 14.Nxb6 axb6 15.b3 g5 16.fxg5 fxg5 17.Bxb5 cxb5 18.Bxg5 Rxa2
19.Kb1 Ra6 20.Bh6 Bf6 21.Bxf8 Kxf8 22.Kb2 1-0

[Event "Moscow Open 2009 B"]
[Site "www.moscowchessopen.ru"]
[Date "2009.02.08"]
[Round "9.199"]
[White "Popenko, Igor"]
[Black "Alieva, Nurlana"]
[Result "1/2-1/2"]
[WhiteElo "1400"]
[BlackElo "1874"]
[Annotator ""]
[Source ""]
[Remark ""]

1.e4 c5 2.c3 e6 3.d4 a6 4.Be3 Qc7 5.Nf3 b5 6.dxc5 Bxc5 7.Bxc5
Qxc5 8.Qd4 Qxd4 9.cxd4 Bb7 10.Nbd2 d6 11.Rc1 Nc6 12.a3 Nf6 13.Bd3
O-O 14.O-O Rac8 15.Rc2 Ne7 16.Rfc1 Rxc2 17.Rxc2 Rc8 18.Rxc8+
Nxc8 19.Kf1 h6 20.h3 Kf8 21.Ke2 Nb6 22.b3 Ke7 23.Kd1 Nfd7 24.Kc2
f6 25.Nb1 e5 26.Nbd2 g5 27.b4 Na4 1/2-1/2

[Event "Moscow Open 2009 B"]
[Site "www.moscowchessopen.ru"]
[Date "2009.02.08"]
[Round "9.200"]
[White "Karev, Jurij"]
[Black "Abdrakhmanov, Ramiss"]
[Result "0-1"]
[WhiteElo "1400"]
[BlackElo "1863"]
[Annotator ""]
[Source ""]
[Remark ""]

1.e4 c5 2.Nc3 e6 3.g3 b6 4.Bg2 Bb7 5.Nge2 f5 6.O-O fxe4 7.Nxe4
d5 8.N4c3 Nf6 9.d3 e5 10.Re1 Be7 11.Kh1 O-O 12.h3 Qd7 13.Rf1
d4 14.Ne4 Nxe4 15.dxe4 Nc6 16.Bd2 Ba6 17.f3 Rad8 18.Rf2 c4 19.c3
dxc3 20.Nxc3 Bc5 21.Re2 Nd4 22.Re3 Nxf3 23.Rxf3 Qxd2 24.Rxf8+
Bxf8 25.Rb1 Qxd1+ 26.Rxd1 Rxd1+ 27.Nxd1 Bc5 28.Bf3 Bd4 29.Nc3
b5 30.a3 Bb7 31.Kg2 a5 32.Kf1 b4 33.axb4 axb4 34.Nd5 Bxd5 35.exd5
Bxb2 36.d6 Kf8 37.Bd5 c3 38.Bb3 Ke8 39.Ba4+ Kd8 40.Ke2 b3 41.Bxb3
Kd7 42.Bc2 h6 43.Kd3 Kxd6 44.Ke4 Bc1 45.h4 Bd2 46.g4 Be1 47.h5
Bf2 48.Kd3 Bd4 49.Bb3 Ke7 50.Bc2 Kd6 51.Bb3 Kc5 0-1

[Event "Moscow Open 2009 B"]
[Site "www.moscowchessopen.ru"]
[Date "2009.02.08"]
[Round "9.201"]
[White "Tilessov, Danat"]
[Black "De Luna Butz, Alberto"]
[Result "1/2-1/2"]
[WhiteElo "1400"]
[BlackElo "1849"]
[Annotator ""]
[Source ""]
[Remark ""]

1.e4 e6 2.d4 c5 3.Nf3 cxd4 4.Nxd4 Nf6 5.Nc3 Bb4 6.Bd3 Nc6 7.Nb3
d5 8.exd5 Nxd5 9.Bd2 Nxc3 10.bxc3 Be7 11.O-O O-O 12.Be3 b6 13.Qh5
g6 14.Qb5 Bd7 15.Be4 Rc8 16.Qe2 Qc7 17.Rad1 Rfd8 18.f4 Bf6 19.Nd4
Ne7 20.g4 Qxc3 21.g5 Bg7 22.h4 Nf5 23.Nxf5 exf5 24.Bf3 Be6 25.Rd3
Rxd3 26.Qxd3 Qxd3 27.cxd3 Bxa2 28.d4 a5 29.d5 Bf8 30.Bxb6 Bc5+
31.Bxc5 Rxc5 32.d6 Be6 33.Rd1 Bd7 34.Kf2 1/2-1/2

[Event "Moscow Open 2009 B"]
[Site "www.moscowchessopen.ru"]
[Date "2009.02.08"]
[Round "9.202"]
[White "Chuprakov, Ruslan"]
[Black "Staroselsky, Vladimir"]
[Result "1-0"]
[WhiteElo "1400"]
[BlackElo "1957"]
[Annotator ""]
[Source ""]
[Remark ""]

1.d4 Nf6 2.c4 e6 3.Nc3 Bb4 4.Qc2 O-O 5.Nf3 c5 6.dxc5 Bxc5 7.Bf4
a6 8.e3 Nc6 9.a3 b6 10.Bd3 h6 11.O-O Nh5 12.Bg3 Be7 13.Ne5 Nxe5
14.Bxe5 d6 15.Bg3 Bb7 16.Rfd1 Nxg3 17.hxg3 Qc7 18.b3 Rad8 19.Be4
Bxe4 20.Nxe4 d5 21.Nd2 d4 22.exd4 Rxd4 23.Nf3 Rxd1+ 24.Rxd1 Bxa3
25.Ra1 Bc5 26.Rxa6 Rd8 27.Kf1 e5 28.Qe4 f6 29.Ra8 Qd7 30.Rxd8+
Qxd8 31.Ke2 Bb4 32.Qd3 Qxd3+ 33.Kxd3 Bc5 34.Ke2 Kf7 35.Ne1 Ke6
36.Nc2 f5 37.Ne3 g6 38.Nd5 h5 39.f3 1-0

[Event "Moscow Open 2009 B"]
[Site "www.moscowchessopen.ru"]
[Date "2009.02.08"]
[Round "9.204"]
[White "Dudysheva, Yuliya"]
[Black "Matyushin, Lev"]
[Result "1-0"]
[WhiteElo "1400"]
[BlackElo "1865"]
[Annotator ""]
[Source ""]
[Remark ""]

1.e4 g6 2.d4 Bg7 3.c4 d6 4.Nc3 Nf6 5.f4 O-O 6.Nf3 c6 7.Bd3 Qa5
8.O-O Qb6 9.Bc2 Nbd7 10.Kh1 Re8 11.e5 dxe5 12.fxe5 Ng4 13.Qe2
Nxh2 14.Kxh2 Qc7 15.Kg1 a5 16.Ng5 Nxe5 17.dxe5 Bxe5 18.Qf3 f6
19.Nxh7 f5 20.Ng5 Kg7 21.Bf4 Rh8 22.Bxe5+ Qxe5 23.Qf4 Qc5+ 24.Qf2
Qd6 25.Nh3 e5 26.Rad1 Qe7 27.Qg3 Qc5+ 28.Kh2 Qe7 29.Bxf5 Bxf5
30.Rxf5 Rae8 31.Re1 Qd7 32.Rfxe5 Rxh3+ 33.Qxh3 Qd6 34.c5 Qc7
35.Qg3 Rh8+ 36.Kg1 Re8 37.Qe3 1-0

[Event "Moscow Open 2009 B"]
[Site "www.moscowchessopen.ru"]
[Date "2009.02.08"]
[Round "9.205"]
[White "Galyaev, Ivan"]
[Black "Petukhov, Nikolay"]
[Result "1-0"]
[WhiteElo "1400"]
[BlackElo "1843"]
[Annotator ""]
[Source ""]
[Remark ""]

1.e4 e5 2.f4 Nc6 3.Nf3 f5 4.exf5 e4 5.Ng5 Nf6 6.d3 d5 7.dxe4
dxe4 8.Qxd8+ Nxd8 9.Nc3 Bxf5 10.Be3 h6 11.Nh3 Bb4 12.Nf2 Nd5
13.Bd2 Bxc3 14.Bxc3 Nxc3 15.bxc3 h5 16.O-O-O Ne6 17.Re1 Nc5 18.Nxe4
Bxe4 19.Bd3 O-O 20.Bxe4 Rxf4 21.Bd5+ Kh7 22.Rhf1 Raf8 23.Rxf4
Rxf4 24.Bf3 h4 25.Re7 c6 26.Re5 Na4 27.Kd2 Nb2 28.Re7 Nc4+ 29.Kd3
Nd6 30.Rd7 Rf6 31.c4 h3 32.c5 hxg2 33.Bxg2 Nf7 34.Rxb7 Ne5+ 35.Kc3
Rf4 36.Rxa7 Rc4+ 37.Kb3 Rxc5 38.a4 Ng4 39.Kb4 Rh5 40.Bxc6 Rxh2
41.c4 Ne5 42.Bd5 Kh6 43.Re7 Ng4 44.a5 Rb2+ 45.Kc5 Ra2 46.Kb6
Nf6 47.a6 g5 48.Re6 Kg6 49.a7 1-0

[Event "Moscow Open 2009 B"]
[Site "www.moscowchessopen.ru"]
[Date "2009.02.08"]
[Round "9.206"]
[White "Rubanov, Sergey"]
[Black "Tarasenko, Vitalij"]
[Result "1/2-1/2"]
[WhiteElo "1788"]
[BlackElo "1400"]
[Annotator ""]
[Source ""]
[Remark ""]

1.e4 e6 2.d4 d5 3.Nc3 dxe4 4.Nxe4 Bd7 5.Nf3 Bc6 6.Bd3 Bxe4 7.Bxe4
c6 8.O-O Nf6 9.Bd3 Be7 10.c3 Nbd7 11.Bc2 Qc7 12.Re1 Bd6 13.h3
Bf4 14.c4 Bxc1 15.Rxc1 Qa5 16.a3 O-O 17.Qd3 g6 18.Ne5 Rfe8 19.h4
Rad8 20.h5 Nxh5 21.Nxd7 Rxd7 22.Re5 1/2-1/2

[Event "Moscow Open 2009 B"]
[Site "www.moscowchessopen.ru"]
[Date "2009.02.08"]
[Round "9.207"]
[White "Kalmykova, Tatiana"]
[Black "Khorsun, Vsevolod"]
[Result "0-1"]
[WhiteElo "1400"]
[BlackElo "1715"]
[Annotator ""]
[Source ""]
[Remark ""]

1.c4 Nf6 2.Nc3 g6 3.e4 e5 4.d3 Bg7 5.Nf3 d6 6.Be2 O-O 7.O-O c6
8.h3 Re8 9.Bg5 h6 10.Be3 d5 11.cxd5 cxd5 12.exd5 Nxd5 13.Nxd5
Qxd5 14.Qc1 Kh7 15.Rd1 Be6 16.d4 e4 17.Ne1 Nc6 18.Qc5 Rac8 19.Qxd5
Bxd5 20.b3 Nb4 21.Rd2 Be6 22.Rad1 Nd5 23.Nc2 f5 24.Bc4 Nc3 25.Bxe6
Rxe6 26.d5 Nxd5 27.Bxa7 Nc3 28.Rd8 Ne2+ 29.Kf1 Rxc2 0-1

[Event "Moscow Open 2009 B"]
[Site "www.moscowchessopen.ru"]
[Date "2009.02.08"]
[Round "9.208"]
[White "Andreanov, Vassily"]
[Black "Volodin, Andrej"]
[Result "1/2-1/2"]
[WhiteElo "1400"]
[BlackElo "1400"]
[Annotator ""]
[Source ""]
[Remark ""]

1.d4 c6 2.e4 d5 3.e5 Bf5 4.Bd3 Bxd3 5.Qxd3 e6 6.Nf3 Nd7 7.b3
Ne7 8.Ba3 Ng6 9.Bxf8 Ngxf8 10.Nc3 Ng6 11.Ne2 O-O 12.O-O Rc8 13.c4
c5 14.Rfc1 Qb6 15.g3 Ne7 16.a3 Nf5 17.b4 dxc4 18.Rxc4 cxd4 19.Rac1
Rxc4 20.Rxc4 Rd8 21.Nexd4 Nxd4 22.Rxd4 1/2-1/2

[Event "Moscow Open 2009 B"]
[Site "www.moscowchessopen.ru"]
[Date "2009.02.08"]
[Round "9.209"]
[White "Belskij, Artem"]
[Black "Ulyankin, Igor"]
[Result "0-1"]
[WhiteElo "1400"]
[BlackElo "1400"]
[Annotator ""]
[Source ""]
[Remark ""]

1.d4 d6 2.c4 Nf6 3.Nc3 g6 4.Nf3 Bg7 5.e4 c6 6.Be2 O-O 7.Bg5 h6
8.Be3 Na6 9.h3 Kh7 10.Qd2 Qc7 {Запись неразборчива} 0-1